Prebuduj svoj podnik už dnes, aby si uspel v ekonomike zajtrajška

Bibliographic Details
Main Author: Sedlák, Mikuláš, 1928-2015 (Author)
Format: Article
Language:Slovak
Subjects:

MARC

LEADER 00000nab a2200000 a 4500
001 vtls000642624
003 SK-MaSNL
005 20260302183943.0
008 160401c1997 xo 0 slo
015 |a SNBRB19rr/mm-uuuuu 
035 |a CL0642763 
040 |a SNKBUCL  |b slo  |c SNKBUCL  |e AACR2 
041 0 |a slo 
044 |a xo  |c SK 
080 |a 658.11.012.2.014  |2 1981 
100 1 |a Sedlák, Mikuláš,  |d 1928-2015  |4 aut  |9 210294 
245 1 0 |a Prebuduj svoj podnik už dnes, aby si uspel v ekonomike zajtrajška  |c Mikuláš Sedlák 
650 0 7 |a podniky  |2 snkbucl  |9 923 
655 7 |a články z novín a časopisov  |2 snkbucl  |9 267496 
773 0 |t Trend  |g Č. 50 (1997), s. 14A 
850 |a Slovenská národná knižnica v Martine  |a MTA001 
852 |a SNK  |b KIS3GCP 
958 |a RK 
958 |a RBX 
999 |c 1423621  |d 1425551